|
|
|
|
| LEADER |
00000cam a2200000 7i4500 |
| 001 |
0000035878 |
| 005 |
20130523.0 |
| 008 |
130523 |
| 020 |
|
|
|a 9673226467
|
| 090 |
0 |
0 |
|a 746.6
|b MIA
|
| 100 |
0 |
|
|a Mia Yusmita Gofar
|
| 245 |
1 |
0 |
|a Membuat aksesori dari manik-manik klasik
|c Mia Yusmita Gofar
|
| 260 |
|
|
|a KL :
|b SynergyMedia ,
|c [s.n]
|
| 650 |
|
0 |
|a Beads
|x Handicraft
|
| 999 |
|
|
|a 0001164087
|b Book
|c Adult Collection
|e Cawangan Bandar Penawar
|
| 999 |
|
|
|a 0001164088
|b Book
|c Adult Collection
|e Cawangan Muar
|
| 999 |
|
|
|a 0001164089
|b Book
|c Adult Collection
|e Cawangan Bukit Gambir
|
| 999 |
|
|
|a 0001164090
|b Book
|c Adult Collection
|e Perbadanan Perpustakaan Awam Johor
|
| 999 |
|
|
|a 0001164091
|b Book
|c Adult Collection
|e Cawangan Bandar Tenggara
|
| 999 |
|
|
|a 0001164093
|b Book
|c Adult Collection
|e Cawangan Tangkak
|
| 999 |
|
|
|a 0001164094
|b Book
|c Adult Collection
|e Cawangan Segamat
|
| 999 |
|
|
|a 0001164095
|b Book
|c Adult Collection
|e Cawangan Tmn. Ungku Tun Aminah
|
| 999 |
|
|
|a 0001164097
|b Book
|c Adult Collection
|e Cawangan Mersing
|
| 999 |
|
|
|a 0001164099
|b Book
|c Adult Collection
|e Cawangan Pontian
|